LEADER 00898nam a2200229 i 4500 001 000000169205 003 CaOOAMICUS 005 20080213000000.0 008 080213s1970 it u000 u ita u 013 $a146608 040 $aSeMil$bita 100 1 $aGerosa, Ercole.$0(OLS)http://semarc/name/63229 245 10$aSono nato problema :$b1960-1970 /$cErcole Gerosa. 260 $aMilano :$bEditrice Convivio Letterario,$cstampa 1970. 300 $a84 p. ;$c22 cm. 500 $aIn occhietto : Dedica autografa dell'Autore. - Fondo Card. Giovanni Colombo. 850 $aSeMil 852 $aSeMil$W1$xVenegono$y1$m1B II 188$j236072$B120166$CSeMilBibl$Z2$F131828 $81 941 1 $a3 961 $aLascito: Colombo Card. Giovanni 996 $6245$aSono nato problema :$b1960-1970$9(OLS)http://semarc/title/241976 996 $6260$aMilano :$bEditrice Convivio Letterario$9(OLS)http://semarc/publisher/30930 LEADER 01196nam a2200253 i 4500 001 000000223255 003 CaOOAMICUS 005 20131008000000.0 008 131008n it u000 u ita u 013 $a202152 040 $aSeMil$bita 100 1 $aMessori, Vittorio,$d<1941- >.$0(OLS)http://semarc/name/16978 245 13$aUn Papa nutrito di preghiera per questa Chiesa offesa e ferita /$ccolloquio Vittorio Messori, Hans Urs von Balthasar. 260 $aCasale Monferrato (AL) :$bPiemme,$c[198?] 300 $a21 p. ;$c20 cm. 490 0 $aPresenza e proposte : collana di saggi su questioni di attualitą ;$v3 650 4$aChiesa - Crisi - Sec. 20.$0(OLS)http://semarc/subject/10138 700 1 $aBalthasar, Hans Urs : von,$c.$0(OLS)http://semarc/name/881 830 0$aPresenza e proposte ;$v3.$0(OLS)http://semarc/title/42580 850 $aSeMil 852 $aSeMil$W1$xVenegono$y1$m5B III 12/37$j173601$B173601$CSeMilBibl$Z2$F183939 $81 961 $aOmaggio: Altro 996 $6245$aUn Papa nutrito di preghiera per questa Chiesa offesa e ferita$9(OLS)http://semarc/title/320164 996 $6260$aCasale Monferrato (AL) :$bPiemme$9(OLS)http://semarc/publisher/30052